<?xml version="1.0" encoding="UTF-8"?>
<record
    xmlns:xsi="http://www.w3.org/2001/XMLSchema-instance"
    xsi:schemaLocation="http://www.loc.gov/MARC21/slim http://www.loc.gov/standards/marcxml/schema/MARC21slim.xsd"
    xmlns="http://www.loc.gov/MARC21/slim">

  <leader>00885nam a22001937a 4500</leader>
  <datafield tag="999" ind1=" " ind2=" ">
    <subfield code="c">65883</subfield>
    <subfield code="d">65883</subfield>
  </datafield>
  <controlfield tag="005">20210712134049.0</controlfield>
  <controlfield tag="008">      s2552    th ||||| |||| 00| 0 tha d</controlfield>
  <datafield tag="020" ind1=" " ind2=" ">
    <subfield code="a">9789746608244</subfield>
  </datafield>
  <datafield tag="040" ind1=" " ind2=" ">
    <subfield code="a">NALT</subfield>
  </datafield>
  <datafield tag="050" ind1=" " ind2=" ">
    <subfield code="a">RA 644.I6 </subfield>
    <subfield code="b">&#xE02;889 2552</subfield>
  </datafield>
  <datafield tag="245" ind1="1" ind2="0">
    <subfield code="a">"&#xE44;&#xE02;&#xE49;&#xE2B;&#xE27;&#xE31;&#xE14;&#xE43;&#xE2B;&#xE0D;&#xE48;" &#xE42;&#xE23;&#xE04;&#xE17;&#xE35;&#xE48;&#xE2D;&#xE32;&#xE08;&#xE23;&#xE49;&#xE32;&#xE22;&#xE01;&#xE27;&#xE48;&#xE32;&#xE17;&#xE35;&#xE48;&#xE04;&#xE34;&#xE14; /</subfield>
    <subfield code="c">&#xE17;&#xE27;&#xE35; &#xE42;&#xE0A;&#xE15;&#xE34;&#xE1E;&#xE34;&#xE17;&#xE22;&#xE2A;&#xE38;&#xE19;&#xE19;&#xE17;&#xE4C; &#xE1A;&#xE23;&#xE23;&#xE13;&#xE32;&#xE18;&#xE34;&#xE01;&#xE32;&#xE23;.</subfield>
  </datafield>
  <datafield tag="260" ind1=" " ind2=" ">
    <subfield code="a">&#xE01;&#xE23;&#xE38;&#xE07;&#xE40;&#xE17;&#xE1E;&#xE2F; : </subfield>
    <subfield code="b">&#xE18;&#xE19;&#xE32;&#xE40;&#xE1E;&#xE23;&#xE2A;, </subfield>
    <subfield code="c">2552.</subfield>
  </datafield>
  <datafield tag="300" ind1=" " ind2=" ">
    <subfield code="a">40 &#xE2B;&#xE19;&#xE49;&#xE32; ;</subfield>
    <subfield code="b"> </subfield>
    <subfield code="c">21 &#xE0B;&#xE21;.</subfield>
  </datafield>
  <datafield tag="650" ind1=" " ind2="0">
    <subfield code="a">&#xE44;&#xE02;&#xE49;&#xE2B;&#xE27;&#xE31;&#xE14;&#xE43;&#xE2B;&#xE0D;&#xE48;</subfield>
    <subfield code="x">&#xE01;&#xE32;&#xE23;&#xE1B;&#xE49;&#xE2D;&#xE07;&#xE01;&#xE31;&#xE19;&#xE41;&#xE25;&#xE30;&#xE04;&#xE27;&#xE1A;&#xE04;&#xE38;&#xE21;</subfield>
    <subfield code="9">34931</subfield>
  </datafield>
  <datafield tag="700" ind1="0" ind2=" ">
    <subfield code="9">34930</subfield>
    <subfield code="a">&#xE17;&#xE27;&#xE35; &#xE42;&#xE0A;&#xE15;&#xE34;&#xE1E;&#xE34;&#xE17;&#xE22;&#xE2A;&#xE38;&#xE19;&#xE19;&#xE17;&#xE4C;</subfield>
  </datafield>
  <datafield tag="850" ind1=" " ind2=" ">
    <subfield code="a">NALT</subfield>
  </datafield>
  <datafield tag="942" ind1=" " ind2=" ">
    <subfield code="c">GB</subfield>
    <subfield code="2">lcc</subfield>
  </datafield>
  <datafield tag="998" ind1=" " ind2=" ">
    <subfield code="j">1020</subfield>
    <subfield code="k"> &#xE08;&#xE33;&#xE40;&#xE23;&#xE35;&#xE22;&#xE07; &#xE23;&#xE30;&#xE27;&#xE31;&#xE07;&#xE2A;&#xE33;&#xE42;&#xE23;&#xE07;</subfield>
  </datafield>
  <datafield tag="952" ind1=" " ind2=" ">
    <subfield code="0">0</subfield>
    <subfield code="1">0</subfield>
    <subfield code="2">lcc</subfield>
    <subfield code="4">0</subfield>
    <subfield code="7">0</subfield>
    <subfield code="8">CGBL</subfield>
    <subfield code="a">NALT</subfield>
    <subfield code="b">NALT</subfield>
    <subfield code="e">&#xE1A;&#xE23;&#xE34;&#xE08;&#xE32;&#xE04;</subfield>
    <subfield code="l">0</subfield>
    <subfield code="o">RA 644.I6 &#xE02;889 2552</subfield>
    <subfield code="p">3961189320</subfield>
    <subfield code="r">2017-06-09 00:00:00</subfield>
    <subfield code="w">2017-06-09</subfield>
    <subfield code="y">GB</subfield>
  </datafield>
</record>
